01286nam a2200325Ia 4500001001200000003000800012006001900020007001500039008004100054010001700095020003100112020002800143040002100171035002100192050002900213082001700242100003200259245011800291260006000409300001600469504005100485533015200536650003700688650001500725655002900740700002900769710001700798856012600815999001900941ebr10160293CaPaEBRm u cr cn|||||||||061030s2006 cau sb 001 0 eng d z 2006036352 z9780123725073 (alk. paper) z0123725070 (alk. paper) aCaPaEBRcCaPaEBR a(OCoLC)64813297114aQA76.73.J38bB358 2006eb04a005.13/32221 aBarclay, Kenneth A.,d1947-10aGroovy programmingh[electronic resource] :ban introduction for Java developers /cKenneth Barclay, John Savage. aSan Francisco, CA :bMorgan Kaufmann Publishers,c2006. axix, 476 p. aIncludes bibliographical references and index. aElectronic reproduction.bPalo Alto, Calif. :cebrary,d2009.nAvailable via World Wide Web.nAccess may be limited to ebrary affiliated libraries. 0aJava (Computer program language) 0aComputers. 7aElectronic books.2local1 aSavage, W. J.q(W. John)2 aebrary, Inc.40uhttp://site.ebrary.com/lib/rucke/Doc?id=10160293zAn electronic book accessible through the World Wide Web; click to view c133567d133567